Statistiques concernant Culture Générale - Série 1200

Cliquez ici pour prendre le quiz!

Statistiques générales

  • Ce quiz a été pris 43 fois
  • Le résultat moyen est 5 sur 10

Statistiques - réponses

Question Réponse % Correct
Combien de faces compte un dé ?6
100%
Quel est l'instrument de prédilection du jazzman Keith Jarrett ?piano
76%
Quel métal, de numéro atomique 29, est le meilleur conducteur de l'électricité après l'argent ?cuivre
76%
Dans quelle ville Jeanne d'Arc a-t-elle été jugée ?Rouen
70%
Dans le conte de Perrault, le Chat botté fait passer son jeune maître pour le marquis de...Carabas
41%
Quel mathématicien et philosophe français a dit : “Le nez de Cléopâtre : s'il eût été plus court, toute la face de la terre aurait changé." ?Blaise Pascal
38%
En 1995, quel cycliste remporte son 5e Tour de France ?Miguel Indurain
35%
En 1884, quel peintre français a réalisé la toile intitulée "Les Repasseuses" ?Edgar Degas
22%
A quel poète latin doit-on l'ouvrage intitulé "Bucoliques" ?Virgile
11%
Quel personnage le Mime Marceau crée-t-il en 1947, sur la scène du Théâtre de poche ?Bip
3%

Distribution des résultats

Percentile par nombre de réponses

% des personnes avec chaque résultat

Votre développement - résultats

Vous n’avez pas pris ce quiz